000 01584nam a2200313 a 4500
001 BRCA_2652
005 20190320203916.0
008 011208s1881----sp-a---###---#000-0dspa-u
041 _aspa
044 _asp
084 _a196
_b.R53
_c1881
100 1 _aCervantes Saavedra, Miguel de
_d1547-1616
_9213
245 1 0 _aEl Ingenioso Hidalgo Don Quijote de la Mancha
_cpor Miguel de Cervantes Saavedra.
250 _a4
300 _a382 p.
_bil.
_c31 cm.
_e1 mapa
440 0 _aBiblioteca ilustrada de Salvador Rivas
_97532
500 _aContenido : Primera parte. Notas de la edición. Dedicatoria del autor. Prólogo del autor. Versos preliminares. Texto. Segunda parte. Documentos de la edición príncipe. Dedicatoria del autor. Prólogo del autor. Texto
500 _aEdición : Cuarta edición de gran lujo adornada on preciosas láminas debidas al reputado artista D. Ramón Puiggarí y un mapa de los lugares recorridos por el héroe manchego
500 _aA pesar del título de la portada, no es una edición de gran lujo, ya que no pasa de ser regular. También los dibujos del reputado artista T. Puiggarrí son mediados. Tela Lúdovik Osterc
500 _aQM184
650 1 4 _aNovela española
_yÉpoca clásica, 1500-1700
_9215
650 1 4 _aLiteratura española
_yÉpoca clásica, 1500-1700
_9216
650 1 4 _aNovela española
_ySiglo XVII
_9217
650 1 4 _aDon Quijote (Personaje ficticio)
_eNovela
_9218
700 1 _aPuiggarí, Ramón
_d1820-1894
_eIlustrador
_97533
740 0 _aEl Ingenioso Hidalgo Don Quijote de la Macha
902 _aQFM
942 _2lcc
_cB
999 _c2392
_d2392